000 00620nam a2200217 a 4500
001 BRCA_8165
005 20190320210147.0
008 060514s1960----gw-a###f##---#001-0#ger-#
041 _ager
044 _agw
050 4 _aN5930
_b.R54
100 1 _aRiensch, Adolph
_920349
245 1 0 _aErinnerungen aus meinem Leben
_bwährend der Jahre 1830-1855
_cAdolph Riensch ; herausgegeben von Ernst Hieke.
260 _aHamburgo
_bHanseatischer Merkur
_c1960
300 _a168 p.
_bil.
_c22 cm.
500 _aX67
650 1 4 _aAutobiografías
_920350
700 1 _aHieke, Ernst
_eed.
_920351
902 _aGFM
942 _2lcc
_cB
999 _c7833
_d7833